| 000 | 00919nam a22002417a 4500 | ||
|---|---|---|---|
| 005 | 20251129063934.0 | ||
| 007 | cr |||aaa||||| | ||
| 008 | 250613s2015 ck|d|||foz||| 001 e spa d | ||
| 035 | _a9789589314883 | ||
| 040 |
_aMX-MxUPN _bspa _cMX-MxUPN _eaacr2 |
||
| 041 | _aspa | ||
| 050 | _aLB1073 | ||
| 100 |
_aGuarín Jurado, Germán _956983 |
||
| 100 |
_aTamayo Giraldo, Gonzalo _956984 |
||
| 245 |
_aLa psicología hoy : _bhacia un horizonte en campos didácticos de actuación psicológica _h[recurso electrónico en línea] |
||
| 260 |
_aManizales, Caldas, Colombia : _bUniversidad de Manizales, _c2015 |
||
| 300 |
_a1 recurso electrónico (128 páginas) : _bPDF |
||
| 650 | 4 |
_aPsicología aplicada _916401 _vMotivación |
|
| 650 | 0 |
_aEducación en valores _956985 |
|
| 856 | _uhttps://ridum.umanizales.edu.co/xmlui/handle/20.500.12746/2275 | ||
| 902 | _aMaiella Martínez / 13062025 | ||
| 942 |
_2lcc _cLIBRO-E |
||
| 999 |
_c213512 _d213512 |
||